[Event "Odisha-ch 60th"]
[Site "Balasore"]
[Date "2019.10.05"]
[Round "8"]
[White "Suryapranjal Indrajeet, SP."]
[Black "Rabindra, Kumar Ojha"]
[Result "0-1"]
[WhiteElo "1426"]
[BlackElo "1665"]
[PlyCount "154"]
[EventDate "2019.10.01"]
[EventType "swiss"]
[EventRounds "9"]
[EventCountry "IND"]
[SourceTitle "CBM 192 Extra"]
[Source "Chessbase"]
[SourceDate "2019.11.06"]
[SourceVersion "1"]
[SourceVersionDate "2019.11.06"]
[SourceQuality "1"]

1. d4 Nc6 2. Nf3 d5 3. c3 Bg4 4. Nbd2 e6 5. e3 Bd6 6. Qc2 Nf6 7. Bd3 Ne7 8. 0-0 c6 9. h3 Bf5 10. e4 dxe4 11. Nxe4 Nxe4 12. Bxe4 Bg6 13. Re1 Qa5 14. Bxg6 hxg6 15. Ne5 Rh5 16. Bf4 Qc7 17. Qe4 0-0-0 18. Nd3 Nd5 19. Bxd6 Qxd6 20. Qg4 Rdh8 21. Re5 Rh4 22. Qg3 Ne7 23. Rh5 Qxg3 24. Rxh8+ Rxh8 25. fxg3 g5 26. Rf1 Rf8 27. Ne5 f6 28. Nc4 Kd7 29. Re1 Re8 30. Nd2 b6 31. Kf2 Nd5 32. Nc4 Rc8 33. Nd2 c5 34. dxc5 Rxc5 35. Ne4 Rc6 36. Rd1 Ke7 37. Rd2 a5 38. Re2 a4 39. a3 b5 40. Nd2 Kd7 41. Nf3 e5 42. Rd2 Rd6 43. Re2 Kc6 44. Nd2 Nb6 45. g4 Rd8 46. g3 Rd3 47. Kg2 Nd5 48. Kf2 g6 49. Ne4 Rd1 50. Kg2 Kd7 51. Nc5+ Kd6 52. Ne4+ Ke7 53. Kf2 Nb6 54. Nc5 Nc4 55. Na6 Kd6 56. Nb4 f5 57. gxf5 gxf5 58. Kg2 Ke6 59. Kf2 Nd2 60. Na6 Kd6 61. Nb4 Nc4 62. Kg2 Rb1 63. Nd3 e4 64. Nb4 Rxb2 65. Rxb2 Nxb2 66. Kf1 Nd1 67. Na2 Ke5 68. Ke2 Nb2 69. Nb4 Nc4 70. Nc2 f4 71. g4 f3+ 72. Kf2 Kf4 73. Nd4 e3+ 74. Kf1 Nd2+ 75. Ke1 f2+ 76. Kd1 f1Q+ 77. Kc2 Qb1# 0-1

[Event "IND-ch Challengers 50th"]
[Site "Tirupati"]
[Date "2012.05.18"]
[Round "1.20"]
[White "Rabindra, Kumar Ojha"]
[Black "Lahiri, Atanu"]
[Result "0-1"]
[WhiteElo "1911"]
[BlackElo "2332"]
[PlyCount "75"]
[EventDate "2012.05.18"]
[EventType "swiss"]
[EventRounds "13"]
[EventCountry "IND"]
[SourceTitle "CBM 148 Extra"]
[Source "ChessBase"]
[SourceDate "2012.06.22"]
[SourceVersion "1"]
[SourceVersionDate "2012.06.22"]
[SourceQuality "1"]

1. e4 c5 2. Nc3 Nc6 3. f4 g6 4. Nf3 Bg7 5. Bb5 Nd4 6. 0-0 e6 7. d3 Ne7 8. Nxd4 cxd4 9. Ne2 0-0 10. Qe1 d6 11. Ba4 Bd7 12. Bb3 a5 13. a4 b5 14. Qf2 Qb6 15. Qh4 Rfe8 16. Rf3 Qc5 17. f5 exf5 18. Bh6 Bxh6 19. Qxh6 Qe5 20. axb5 a4 21. Bc4 d5 22. Ba2 fxe4 23. dxe4 Bg4 24. Rf2 Bxe2 25. Rxe2 dxe4 26. Rf1 Nf5 27. Bxf7+ Kxf7 28. g4 Rg8 29. Qf4 Qxf4 30. Rxf4 Rae8 31. gxf5 gxf5+ 32. Kh1 Ke6 33. Rh4 Rg7 34. Rh6+ Ke5 35. h3 e3 36. c3 Ke4 37. cxd4 Kd3 38. Re1 0-1